000 00609nam a22002177a 4500
001 5646
003 FISKH
005 20250117155822.0
008 250109b cb ||||| |||| 00| 0 eng d
020 _a9789810112912
040 _aFISKH
_beng
_cFISKH
_dFISKH
050 _aG128
082 _a910
100 _aKoh, Andy
245 _aEarth our home :
_bSecondary 1 teacher's guide /
_cby Andy Koh
260 _aNew York :
_bMarshall Cavendish Education ;
_c2006.
300 _a190 pages :
_billustrations, maps ;
_c30 cm .
700 _aGoh, Valerie
_eillustrator
942 _2ddc
_cBK
_n0
999 _c5646
_d5646